Green islands of the Andamans and Nicobars / (Record no. 82547)

MARC details
000 -LEADER
fixed length control field 00557nam a22001937a 4500
005 - DATE AND TIME OF LATEST TRANSACTION
control field 20140421150144.0
010 ## - LCCN (DPL NO)
LC control number ENG-109314
020 ## - INTERNATIONAL STANDARD BOOK NUMBER
International Standard Book Number 9789350450406
Terms of availability 400.00
035 ## - SYSTEM CONTROL NUMBER
System control number EN-92847
037 ## - SOURCE OF ACQUISITION
Source of stock number/acquisition DBAD/PUB
082 ## - DEWEY DECIMAL CLASSIFICATION NUMBER
Classification number 954.88
100 ## - MAIN ENTRY--PERSONAL NAME
Personal name Gupta, Protiva
245 ## - TITLE STATEMENT
Title Green islands of the Andamans and Nicobars /
Statement of responsibility, etc by Protiva Gupta
260 ## - PUBLICATION, DISTRIBUTION, ETC. (IMPRINT)
Place of publication, distribution, etc Kolkata
Name of publisher, distributor, etc Writers Workshop
Date of publication, distribution, etc 2013
270 ## - ADDRESS
Address 162/92 Lake Gardens
City Kolkata
Postal code 700045
300 ## - PHYSICAL DESCRIPTION
Extent 287p.
Dimensions 22cm(Hb)
500 ## - GENERAL NOTE
General note Includes index
942 ## - ADDED ENTRY ELEMENTS (KOHA)
Source of classification or shelving scheme Dewey Decimal Classification
Item type English Books
Call number suffix GUP
Classification part 954.88
Holdings
Withdrawn status Lost status Not for loan Collection code Home library Current library Date acquired Source of acquisition Cost, normal purchase price Full call number Barcode Copy number Cost, replacement price Koha item type
    Not For Loan Non-fiction D.B.Act.Division D.B.Act.Division 17/02/2014 DBAD/PUB 400.00 954.88 GUP EN-92847 1 400.00 English Books

© Delhi Public Library
Hit Counter
free hit counter